[Event "Espe Cup"]
[Site "Ecuador"]
[Date "1999.??.??"]
[Round "?"]
[White "Moreira Romero, Jairo"]
[Black "Belli, Mario"]
[Result "1/2-1/2"]
[WhiteElo "2330"]
[BlackElo "2395"]
[PlyCount "81"]
[EventDate "1999.??.??"]
[EventType "tourn"]
[EventRounds "11"]
[EventCountry "ECU"]
[EventCategory "3"]
[SourceTitle "EXT 2000"]
[Source "ChessBase"]
[SourceDate "1999.11.16"]
[SourceVersion "1"]
[SourceVersionDate "1999.11.16"]
[SourceQuality "1"]

1. c4 c5 2. Nc3 Nc6 3. g3 g6 4. Bg2 Bg7 5. e3 h5 6. h4 Nh6 7. a3 d6 8. Nge2 Nf5 9. Rb1 a5 10. b3 e5 11. Nd5 Be6 12. Nec3 Nfe7 13. 0-0 0-0 14. Bb2 Rb8 15. d3 Bg4 16. Qc2 Nxd5 17. Nxd5 Be6 18. Rfe1 g5 19. hxg5 Qxg5 20. e4 h4 21. Bc1 Qh5 22. Qd1 Qxd1 23. Rxd1 hxg3 24. fxg3 Bg4 25. Re1 Kh7 26. Ne3 Be6 27. Nf5 Bxf5 28. exf5 Bh6 29. Kf2 Bxc1 30. Rexc1 Nd4 31. Rh1+ Kg7 32. g4 b5 33. cxb5 Rxb5 34. Bd5 Rbb8 35. g5 Rh8 36. f6+ Kg6 37. Rbg1 Rxh1 38. Bxh1 Ne6 39. Be4+ Kh5 40. Bf3+ Kg6 41. Be4+ 1/2-1/2

[Event "Espe Cup"]
[Site "Ecuador"]
[Date "1999.??.??"]
[Round "?"]
[White "Moreira Romero, Jairo"]
[Black "Mieles Palau, Daniel Alberto"]
[Result "1/2-1/2"]
[WhiteElo "2330"]
[BlackElo "2225"]
[PlyCount "141"]
[EventDate "1999.??.??"]
[EventType "tourn"]
[EventRounds "11"]
[EventCountry "ECU"]
[EventCategory "3"]
[SourceTitle "EXT 2000"]
[Source "ChessBase"]
[SourceDate "1999.11.16"]
[SourceVersion "1"]
[SourceVersionDate "1999.11.16"]
[SourceQuality "1"]

1. b4 d5 2. Bb2 Bg4 3. c4 e6 4. a3 Nf6 5. cxd5 exd5 6. Nf3 Nbd7 7. Nd4 c5 8. bxc5 Bxc5 9. Qb3 Rc8 10. f3 Bh5 11. e3 0-0 12. Be2 Bb6 13. 0-0 Nc5 14. Qd1 Bg6 15. a4 Ne6 16. Nxe6 fxe6 17. d4 Bc2 18. Qd2 Ba5 19. Bc3 Bxc3 20. Nxc3 Qa5 21. Nb1 Qxd2 22. Nxd2 Rc3 23. Rfe1 Rxe3 24. a5 Rc8 25. a6 b6 26. Bb5 Rec3 27. Rxe6 Bd3 28. Bxd3 Rxd3 29. Nf1 Kf7 30. Rae1 Rc7 31. Ng3 g6 32. Ne2 Ra3 33. Nf4 Rd7 34. Rc6 Rxa6 35. Ree6 Ne8 36. Nh3 Re7 37. Ng5+ Kf8 38. Rxe7 Kxe7 39. Nxh7 Ra4 40. Rxg6 Rxd4 41. Kf2 Rh4 42. Ng5 Rxh2 43. f4 Rh1 44. f5 Ra1 45. Re6+ Kf8 46. g4 Ra4 47. Kg3 Rc4 48. f6 Rc7 49. Kf4 d4 50. f7 Rxf7+ 51. Nxf7 Kxf7 52. Re2 a5 53. Ke4 Nf6+ 54. Kxd4 Nxg4 55. Rb2 Kf6 56. Rxb6+ Kg5 57. Rb5+ Kh4 58. Rxa5 Kh3 59. Ke4 Kh4 60. Kf4 Nf6 61. Rf5 Nh5+ 62. Kf3 Ng7 63. Ra5 Nh5 64. Ra1 Kg5 65. Rh1 Nf6 66. Rh8 Kf5 67. Rb8 Ke5 68. Rb4 Kf5 69. Rb5+ Ke6 70. Ra5 Nd5 71. Ke4 1/2-1/2

[Event "Espe Cup"]
[Site "Ecuador"]
[Date "1999.??.??"]
[Round "?"]
[White "Moreira Romero, Jairo"]
[Black "Minaya Molano, Juan M"]
[Result "1/2-1/2"]
[WhiteElo "2330"]
[BlackElo "2295"]
[PlyCount "42"]
[EventDate "1999.??.??"]
[EventType "tourn"]
[EventRounds "11"]
[EventCountry "ECU"]
[EventCategory "3"]
[SourceTitle "EXT 2000"]
[Source "ChessBase"]
[SourceDate "1999.11.16"]
[SourceVersion "1"]
[SourceVersionDate "1999.11.16"]
[SourceQuality "1"]

1. c4 g6 2. Nf3 Bg7 3. g3 d6 4. Bg2 e5 5. 0-0 Nc6 6. Nc3 Nf6 7. Rb1 a5 8. a3 0-0 9. b4 axb4 10. axb4 Bf5 11. d3 Qc8 12. Re1 Re8 13. Nd2 Bh3 14. Bh1 Nd4 15. Bb2 c6 16. e3 Ne6 17. b5 Nc5 18. Nde4 Nfxe4 19. Nxe4 Nxe4 20. Bxe4 Qd7 21. Qb3 Be6 1/2-1/2

[Event "Quito Gran Prix op"]
[Site "Quito"]
[Date "1998.??.??"]
[Round "?"]
[White "Castro Murillo, Gonzalo Fernando"]
[Black "Moreira Romero, Jairo"]
[Result "1-0"]
[WhiteElo "2225"]
[BlackElo "2200"]
[PlyCount "47"]
[EventDate "1998.??.??"]
[EventType "swiss"]
[EventRounds "9"]
[EventCountry "ECU"]
[SourceTitle "EXT 2002"]
[Source "ChessBase"]
[SourceDate "2001.11.25"]
[SourceVersion "1"]
[SourceVersionDate "2001.11.25"]
[SourceQuality "1"]

1. e4 c5 2. Nf3 g6 3. d4 cxd4 4. Qxd4 Nf6 5. e5 Nc6 6. Qa4 Nh5 7. Nc3 Ng7 8. Bh6 Ne6 9. Bxf8 Kxf8 10. 0-0-0 a6 11. h4 h5 12. Qe4 b5 13. Ng5 Qc7 14. Nxe6+ dxe6 15. f4 Bb7 16. Qe3 Na5 17. Rd2 Kg7 18. Rg1 Rac8 19. g4 hxg4 20. Rxg4 Nc4 21. Bxc4 Qxc4 22. Qg1 b4 23. f5 Qc5 24. Rxg6+ 1-0

[Event "Latacunga Munoz Vicuna cup"]
[Site "Latacunga"]
[Date "1998.??.??"]
[Round "?"]
[White "Moreira Romero, Jairo"]
[Black "Mera Cedeno, Angel"]
[Result "1-0"]
[WhiteElo "2200"]
[BlackElo "2245"]
[PlyCount "47"]
[EventDate "1998.05.01"]
[EventType "swiss"]
[EventRounds "7"]
[EventCountry "ECU"]
[SourceTitle "EXT 2016"]
[Source "ChessBase"]
[SourceDate "2015.10.08"]
[SourceVersion "1"]
[SourceVersionDate "2015.10.08"]
[SourceQuality "1"]

1. c4 g6 2. g3 Bg7 3. Bg2 Nf6 4. Nf3 0-0 5. 0-0 d6 6. Nc3 c6 7. d4 Nbd7 8. h3 e5 9. e4 Re8 10. Re1 a5 11. b3 exd4 12. Nxd4 Nc5 13. Bf4 Nh5 14. Be3 Nf6 15. Bf4 Qb6 16. Bxd6 Rd8 17. e5 Ne8 18. Nxc6 bxc6 19. Bxc5 Rxd1 20. Bxb6 Rxa1 21. Rxa1 Bxe5 22. Rc1 Bd7 23. Na4 Nc7 24. f4 1-0

[Event "Latacunga Munoz Vicuna cup"]
[Site "Latacunga"]
[Date "1998.??.??"]
[Round "?"]
[White "Moreira Romero, Jairo"]
[Black "Pazos Gambarrotti, Plinio Efrain"]
[Result "1-0"]
[WhiteElo "2200"]
[BlackElo "2330"]
[PlyCount "57"]
[EventDate "1998.05.01"]
[EventType "swiss"]
[EventRounds "7"]
[EventCountry "ECU"]
[SourceTitle "EXT 2016"]
[Source "ChessBase"]
[SourceDate "2015.10.08"]
[SourceVersion "1"]
[SourceVersionDate "2015.10.08"]
[SourceQuality "1"]

1. c4 e6 2. Nf3 d5 3. b3 Nf6 4. Bb2 a5 5. e3 a4 6. bxa4 Be7 7. Nc3 0-0 8. Be2 c5 9. d4 cxd4 10. exd4 Nc6 11. 0-0 dxc4 12. Bxc4 Qa5 13. Bb5 Rd8 14. Qe2 Qb4 15. a3 Qd6 16. Rad1 Bd7 17. Rfe1 Bf8 18. Ne4 Nxe4 19. Qxe4 Qd5 20. Qb1 g6 21. Ne5 Bg7 22. Bc4 Qa5 23. Nxf7 Rf8 24. d5 Ne7 25. dxe6 Bxa4 26. Bxg7 Bxd1 27. Rxd1 Rfc8 28. Qb2 h5 29. Bh6 1-0

[Event "Quito Gran Prix op"]
[Site "Quito"]
[Date "1998.??.??"]
[Round "?"]
[White "Moreira Romero, Jairo"]
[Black "Pazos Gambarrotti, Plinio Efrain"]
[Result "0-1"]
[WhiteElo "2200"]
[BlackElo "2330"]
[PlyCount "64"]
[EventDate "1998.??.??"]
[EventType "swiss"]
[EventRounds "9"]
[EventCountry "ECU"]
[SourceTitle "EXT 2002"]
[Source "ChessBase"]
[SourceDate "2001.11.25"]
[SourceVersion "1"]
[SourceVersionDate "2001.11.25"]
[SourceQuality "1"]

1. c4 e6 2. Nf3 d5 3. b3 Nf6 4. Bb2 a5 5. e3 a4 6. bxa4 Be7 7. Be2 Nbd7 8. Nc3 0-0 9. d4 dxc4 10. Bxc4 Nb6 11. Bb3 Nfd5 12. e4 Nf4 13. 0-0 c5 14. Bc1 cxd4 15. Nxd4 Bb4 16. Ndb5 Qf6 17. Bxf4 Qxf4 18. Qd4 Ba5 19. Ne2 Qg5 20. f4 Qg4 21. Rf3 Nd7 22. Kh1 Bb6 23. Qb2 Qh4 24. Nd6 Nf6 25. Rh3 Qf2 26. Rg3 Bd7 27. e5 Nh5 28. Rf3 Qh4 29. Bc2 Bc5 30. Nc4 Qe7 31. Rh3 g6 32. Rxh5 gxh5 0-1

[Event "ECU-ch"]
[Site "Quito"]
[Date "1998.??.??"]
[Round "?"]
[White "Ricaurte Lopez, Juan Carlos"]
[Black "Moreira Romero, Jairo"]
[Result "1/2-1/2"]
[WhiteElo "2390"]
[BlackElo "2200"]
[PlyCount "83"]
[EventDate "1998.??.??"]
[EventType "tourn"]
[EventRounds "13"]
[EventCountry "ECU"]
[SourceTitle "EXT 2002"]
[Source "ChessBase"]
[SourceDate "2001.11.25"]
[SourceVersion "1"]
[SourceVersionDate "2001.11.25"]
[SourceQuality "1"]

1. e4 c5 2. Nf3 Nc6 3. Bb5 g6 4. 0-0 Bg7 5. Re1 a6 6. Bf1 d6 7. c3 e5 8. d4 cxd4 9. cxd4 Nxd4 10. Be3 Nxf3+ 11. Qxf3 Be6 12. Nc3 Nf6 13. h3 0-0 14. Red1 Qe7 15. Rd2 Rac8 16. g4 b5 17. a3 Kh8 18. Bg5 h6 19. Bh4 g5 20. Bg3 h5 21. gxh5 Rg8 22. Rad1 g4 23. Qh1 Bh6 24. Rxd6 gxh3 25. Bxh3 Bf4 26. Bxe6 fxe6 27. Qh3 Bxg3 28. fxg3 Qa7+ 29. Kg2 Ng4 30. R1d2 Rcf8 31. Nd1 Qh7 32. Nc3 Qf7 33. Kg1 Qe7 34. Kg2 Ne3+ 35. Kh2 Rf1 36. Rd8 Qf7 37. Nd1 Rxd1 38. Rxd1 Qf2+ 39. Kh1 Qf3+ 40. Kh2 Nxd1 41. Rxg8+ Kxg8 42. Qxe6+ 1/2-1/2

[Event "Wch U20"]
[Site "Zagan"]
[Date "1997.07.16"]
[Round "3"]
[White "Moreira Romero, Jairo"]
[Black "Blanco Acevedo, Cristobal Jose"]
[Result "1/2-1/2"]
[WhiteElo "2200"]
[BlackElo "2090"]
[PlyCount "103"]
[EventDate "1997.07.14"]
[EventType "swiss"]
[EventRounds "13"]
[EventCountry "POL"]
[SourceTitle "CBM 059 Extra"]
[Source "ChessBase"]
[SourceDate "1997.09.26"]
[SourceVersion "1"]
[SourceVersionDate "1997.09.26"]
[SourceQuality "1"]

1. c4 Nf6 2. Nc3 c5 3. Nf3 Nc6 4. d4 cxd4 5. Nxd4 g6 6. Nc2 Bg7 7. e4 0-0 8. Be2 d6 9. 0-0 a5 10. Be3 Nd7 11. Qd2 Re8 12. Rab1 Nc5 13. f3 Be6 14. Rfc1 Nb4 15. Nd4 Bd7 16. b3 Nba6 17. Ndb5 Nc7 18. Nd5 Nxd5 19. cxd5 Qb6 20. Na3 Qb4 21. Nb5 Rec8 22. a4 Qxd2 23. Bxd2 f5 24. Bg5 Kf7 25. Rf1 h6 26. Be3 Kg8 27. Bc4 fxe4 28. Bxc5 Rxc5 29. fxe4 Rcc8 30. Rbd1 Rf8 31. Nd4 Rxf1+ 32. Kxf1 Re8 33. Nb5 Be5 34. h3 Rf8+ 35. Ke2 Bg3 36. Rf1 Rxf1 37. Kxf1 Kf7 38. Ke2 Kf6 39. Nd4 Ke5 40. Kd3 Bf2 41. Ne6 Bc8 42. Ke2 Bd4 43. Kf3 b6 44. g4 Bb2 45. Ke3 Bc1+ 46. Kf3 h5 47. Nf8 g5 48. Ne6 h4 49. Ng7 Bd7 50. Ne6 Be8 51. Be2 Bg6 52. Bd3 1/2-1/2

[Event "Wch U20"]
[Site "Zagan"]
[Date "1997.07.14"]
[Round "1"]
[White "Moreira Romero, Jairo"]
[Black "Malakhatko, Vadim"]
[Result "0-1"]
[WhiteElo "2200"]
[BlackElo "2445"]
[PlyCount "82"]
[EventDate "1997.07.14"]
[EventType "swiss"]
[EventRounds "13"]
[EventCountry "POL"]
[SourceTitle "CBM 059 Extra"]
[Source "ChessBase"]
[SourceDate "1997.09.26"]
[SourceVersion "1"]
[SourceVersionDate "1997.09.26"]
[SourceQuality "1"]

1. c4 Nf6 2. Nc3 e5 3. g3 g6 4. d4 exd4 5. Qxd4 Nc6 6. Qe3+ Qe7 7. Nf3 Qxe3 8. Bxe3 Bb4 9. Bd2 a6 10. Bg2 d6 11. 0-0 Be6 12. b3 0-0 13. Ng5 Bg4 14. Rae1 Rfe8 15. e3 Kg7 16. h3 Bf5 17. e4 Bd7 18. Nf3 Rac8 19. Nd5 Bxd2 20. Nxd2 Nd4 21. f4 Bc6 22. Nf3 Bxd5 23. cxd5 Nb5 24. Nd2 Nc3 25. Kf2 Nxa2 26. e5 dxe5 27. fxe5 Nd7 28. e6 Nc5 29. Kg1 fxe6 30. dxe6 Re7 31. Ne4 Nxe4 32. Rxe4 c5 33. Rd1 Rcc7 34. Rd6 Nb4 35. Re2 b5 36. h4 c4 37. bxc4 bxc4 38. Bh3 c3 39. Rd1 c2 40. Rc1 Rc3 41. Kh2 Rd3 0-1

[Event "Quito Copa Saeta 1st"]
[Site "Quito"]
[Date "1997.??.??"]
[Round "9"]
[White "Delgado Crespo, Mairelys"]
[Black "Moreira Romero, Jairo"]
[Result "0-1"]
[WhiteElo "2275"]
[BlackElo "2200"]
[PlyCount "106"]
[EventDate "1997.??.??"]
[EventType "tourn"]
[EventRounds "15"]
[EventCountry "ECU"]
[EventCategory "5"]
[SourceTitle "EXT 2003"]
[Source "ChessBase"]
[SourceDate "2002.11.25"]
[SourceVersion "1"]
[SourceVersionDate "2002.11.25"]
[SourceQuality "1"]

1. e4 g6 2. d4 Bg7 3. Nc3 c5 4. d5 d6 5. Nf3 Nf6 6. Be2 0-0 7. 0-0 Na6 8. Bg5 Nc7 9. a4 e5 10. dxe6 Nxe6 11. Bh4 Qa5 12. Bc4 Qb4 13. Bxe6 Bxe6 14. Bxf6 Bxf6 15. Nd5 Bxd5 16. Qxd5 Bg7 17. c3 Qb6 18. Rad1 Rad8 19. Qd2 Qb3 20. Qd5 Qxb2 21. Rb1 Qc2 22. Rxb7 Qxa4 23. Rfb1 Rd7 24. Rxd7 Qxd7 25. Rb7 Qe6 26. Rxa7 Rb8 27. Ra8 Qc8 28. Rxb8 Qxb8 29. Qd3 c4 30. Qxc4 Qb1+ 31. Qf1 Qxe4 32. c4 Bc3 33. h3 Bb4 34. Ng5 Qc2 35. g3 h6 36. Nf3 Qe4 37. Nh2 h5 38. h4 Bc3 39. Qd1 Bd4 40. Qf3 Qc2 41. Nf1 Qxc4 42. Kg2 Qc2 43. Ne3 Bxe3 44. Qxe3 Qc5 45. Qd3 d5 46. Kf3 Kg7 47. Ke2 Kf6 48. Qf3+ Ke6 49. Kd2 Qd4+ 50. Ke2 Qe4+ 51. Qe3 Qxe3+ 52. Kxe3 Ke5 53. f3 d4+ 0-1

[Event "Quito Copa Saeta 1st"]
[Site "Quito"]
[Date "1997.??.??"]
[Round "13"]
[White "Lugo, Blas"]
[Black "Moreira Romero, Jairo"]
[Result "1-0"]
[WhiteElo "2440"]
[BlackElo "2200"]
[PlyCount "47"]
[EventDate "1997.??.??"]
[EventType "tourn"]
[EventRounds "15"]
[EventCountry "ECU"]
[EventCategory "5"]
[SourceTitle "EXT 2003"]
[Source "ChessBase"]
[SourceDate "2002.11.25"]
[SourceVersion "1"]
[SourceVersionDate "2002.11.25"]
[SourceQuality "1"]

1. e4 d5 2. exd5 Qxd5 3. Nc3 Qa5 4. d4 Nf6 5. Bc4 Nc6 6. d5 Nb4 7. a3 Bg4 8. f3 Bf5 9. Bb5+ Nd7 10. Ba4 Na6 11. Be3 Nab8 12. Nge2 e5 13. Ng3 Bg6 14. Nge4 c6 15. dxc6 Nxc6 16. Nd6+ Bxd6 17. Qxd6 Rc8 18. 0-0-0 Qd8 19. Bxa7 Qe7 20. Bf2 Qxd6 21. Rxd6 Ke7 22. Rhd1 Nf6 23. Bc5 Ke8 24. Nb5 1-0

[Event "Pan American-ch U26"]
[Site "Buenos Aires"]
[Date "1997.??.??"]
[Round "7"]
[White "Uribe, Mauricio"]
[Black "Moreira Romero, Jairo"]
[Result "1-0"]
[WhiteElo "2245"]
[BlackElo "2180"]
[PlyCount "85"]
[EventDate "1997.??.??"]
[EventType "swiss"]
[EventRounds "11"]
[EventCountry "ARG"]
[SourceTitle "EXT 2001"]
[Source "ChessBase"]
[SourceDate "2000.11.22"]
[SourceVersion "1"]
[SourceVersionDate "2000.11.22"]
[SourceQuality "1"]

1. e4 g6 2. d4 Bg7 3. Be3 d6 4. Nc3 c6 5. Qd2 Nd7 6. Nf3 b5 7. Bd3 Bb7 8. a4 b4 9. Ne2 a5 10. c3 c5 11. Rd1 Bc6 12. cxb4 Bxa4 13. Rc1 cxb4 14. Bc4 Nf8 15. b3 Bd7 16. e5 Qb8 17. Ng5 e6 18. exd6 Nf6 19. Ng3 h6 20. N5e4 Nd5 21. 0-0 f5 22. Bxd5 exd5 23. Nc5 Qxd6 24. Bf4 Qb6 25. Rfe1+ Kf7 26. Nxd7 Nxd7 27. Rc7 Rad8 28. Qe2 Bf6 29. Nxf5 gxf5 30. Qh5+ Kg7 31. Qxf5 Qb5 32. Re6 Rhf8 33. Rxf6 Rxf6 34. Be5 Qa6 35. Rxd7+ Rxd7 36. Qxd7+ Kg6 37. Qe8+ Kh7 38. Qe7+ Kg6 39. h4 Qe6 40. Bxf6 Qxf6 41. h5+ Kg5 42. f4+ Kf5 43. g4+ 1-0

[Event "Olympiad-32"]
[Site "Yerevan"]
[Date "1996.10.01"]
[Round "14.4"]
[White "Burdio Gracia, Delfin"]
[Black "Moreira Romero, Jairo"]
[Result "0-1"]
[WhiteElo "2120"]
[BlackElo "2180"]
[PlyCount "66"]
[EventDate "1996.09.15"]
[EventType "team-swiss"]
[EventRounds "14"]
[EventCountry "ARM"]
[SourceTitle "CBM 055"]
[Source "ChessBase"]
[SourceDate "1996.12.01"]
[SourceVersion "1"]
[SourceVersionDate "1996.12.01"]
[SourceQuality "1"]
[WhiteTeam "IBCA"]
[BlackTeam "Ecuador"]
[BlackTeamCountry "ECU"]

1. d4 d6 2. Nf3 Bg4 3. Bf4 Nd7 4. Nbd2 Ngf6 5. c3 c6 6. Qc2 Qc7 7. e3 e5 8. dxe5 dxe5 9. Bg3 Nh5 10. Be2 Nxg3 11. hxg3 h6 12. Bc4 Be7 13. 0-0-0 b5 14. Bb3 Nc5 15. a3 Rd8 16. Ne4 Nxb3+ 17. Qxb3 Rxd1+ 18. Rxd1 Be6 19. Qc2 0-0 20. Rh1 f5 21. Ned2 a5 22. e4 b4 23. Nh4 bxa3 24. bxa3 Bxa3+ 25. Kd1 f4 26. gxf4 exf4 27. Ke2 Rd8 28. Nhf3 Bc5 29. e5 Qa7 30. Ne4 Bc4+ 31. Ke1 Be7 32. Ned2 Qc5 33. Qe4 Bd3 0-1

[Event "Olympiad-32"]
[Site "Yerevan"]
[Date "1996.09.27"]
[Round "11.4"]
[White "O'Shaughnessy, Conor"]
[Black "Moreira Romero, Jairo"]
[Result "1/2-1/2"]
[WhiteElo "2260"]
[BlackElo "2180"]
[PlyCount "37"]
[EventDate "1996.09.15"]
[EventType "team-swiss"]
[EventRounds "14"]
[EventCountry "ARM"]
[SourceTitle "CBM 055"]
[Source "ChessBase"]
[SourceDate "1996.12.01"]
[SourceVersion "1"]
[SourceVersionDate "1996.12.01"]
[SourceQuality "1"]
[WhiteTeam "Ireland"]
[BlackTeam "Ecuador"]
[WhiteTeamCountry "IRL"]
[BlackTeamCountry "ECU"]

1. e4 c5 2. Nf3 Nc6 3. c3 Nf6 4. e5 Nd5 5. d4 cxd4 6. Bc4 Nb6 7. Bb3 d5 8. exd6 exd6 9. Nxd4 Be7 10. 0-0 0-0 11. Bf4 d5 12. Re1 a6 13. Qd3 Bf6 14. Na3 Nxd4 15. cxd4 Be6 16. Rac1 Nc4 17. Nxc4 dxc4 18. Bxc4 Qxd4 19. Qxd4 1/2-1/2